An enquiry into poetic method/ (Record no. 11023)

MARC details
000 -LEADER
fixed length control field 00649 a2200205 4500
010 ## - LIBRARY OF CONGRESS CONTROL NUMBER
LC control number ENG-89602
020 ## - INTERNATIONAL STANDARD BOOK NUMBER
International Standard Book Number 8181575024
Terms of availability 150.00
035 ## - SYSTEM CONTROL NUMBER
System control number EN-73135
037 ## - SOURCE OF ACQUISITION
Source of stock number/acquisition DBAD / PUB
082 14 - DEWEY DECIMAL CLASSIFICATION NUMBER
Classification number 881.08
090 ## - LOCALLY ASSIGNED LC-TYPE CALL NUMBER (OCLC); LOCAL CALL NUMBER (OCLC)
-- 11330
-- 11330
100 1# - MAIN ENTRY--PERSONAL NAME
Personal name Winter, Joe
245 1# - TITLE STATEMENT
Title An enquiry into poetic method/
Statement of responsibility, etc by Joe Winter
260 ## - PUBLICATION, DISTRIBUTION, ETC. (IMPRINT)
Place of publication, distribution, etc Kolkata
Name of publisher, distributor, etc Writers Workshop
Date of publication, distribution, etc 2006
270 ## - ADDRESS
Address 162/92, Lake Gardens,
City Kolkatta
Postal code 700 045
300 ## - PHYSICAL DESCRIPTION
Extent 87p.
Dimensions 22 cm ( Hb.)
490 ## - SERIES STATEMENT
Series statement A Writers Workshop greybird book
942 ## - ADDED ENTRY ELEMENTS (KOHA)
Institution code [OBSOLETE] dpl
Koha item type English Books
Call number prefix 881.08/ WIN
Holdings
Withdrawn status Lost status Source of classification or shelving scheme Damaged status Not for loan Collection code Home library Current library Source of acquisition Cost, normal purchase price Total Checkouts Full call number Barcode Date last seen Copy number Uniform Resource Identifier Cost, replacement price Price effective from Koha item type
    Dewey Decimal Classification   Not For Loan Non-fiction D.B.Act.Division D.B.Act.Division DBAD/PUB 150.00   881.08 WIN EN-73135 15/09/2008 1 12126 150.00 15/09/2008 English Books

© Delhi Public Library
Hit Counter
free hit counter